000 01880cam a2200325 ia4500
003 SA-RiAUC
005 20240928105706.0
008 240926s1987 sy f b 000r0dara c
040 _aSA-RiAUC
_bara
_cSA-RiAUC
_erda
050 4 _bZ83 1987
082 0 4 _a227.2
_qSA-RiAUC
090 _a227.2
_bز ب ي
100 1 _aالزبيري، علي محمد
_eمؤلف.
245 1 0 _aابن جزي ومنهجه في التفسير :
_bدراسة مسهبة عن الإمام المفسر الأندلسي الشهيد ابن جزي وتوضيح مفصل لمنهجه في تفسيره "التسهيل لعلوم التنزيل" /
_cعلي محمد الزبيري.
250 _aالطبعة الأولى.
264 1 _aدمشق ؛
_aبيروت :
_bدار القلم،
_c1987
300 _a2 مجلد ؛
_c25 × 18 سم
336 _aنص
_btxt
_2rdacontent
_3كتاب
337 _aبدون وسيط
_bn
_2rdamedia
338 _aمجلد
_bnc
_2rdacarrier
504 _aببليوجرافية : صفحة 997-1027.
505 _aالمحتويات : المقدمة-سبب اختيار هذا البحث-المصاعب التي واجهتني خلال هذا البحث-الدراسات السابقة عن ابن جزي-خطة البحث-منهجي في كتابة هذا البحث-اصطلاحات خاصة-كلمة شكر.
600 1 7 _aابن جزي الكلبي، محمد بن أحمد بن محمد،
_d693-741 هجري
_xمساهمات في تفسير القرآن
_2aucnm
630 2 7 _aالقرآن
_xتفسير
_xمناهج
_2aucut
630 2 7 _aالقرآن
_xتفسير
_vتراجم
_2aucut
700 1 2 _iشرح لـ (عمل) :
_aابن جزي الكلبي، محمد بن أحمد بن محمد،
_d693-741 هجري.
_tالتسهيل في علوم التنزيل
730 2 2 _aالقرآن
942 _2ddc
_cBOOK
_n0
949 _aSA-JeALM
_d240926
_umohamedma123
_n1
999 _c620
_d620